000 00324nam a22001457a 4500
003 SGT
020 _a978-93-7473-614-2
082 _a617.51
_bC18S
100 _aSWAIN, SANTOSH
245 _aA CONCISE TB OF EAR, NOSE AND THROAT
260 _aINDIA
_bAITBS
_c2018
300 _a345
650 _aENT
942 _2ddc
_cBK
_06
999 _c15432
_d15432